[Event "O Pohár mìsta Øíèany 2015 - OPEN A"]
[Site "Øíèany"]
[Date "2015.08.26"]
[Round "6.11"]
[White "Maly, Filip"]
[Black "Skalicky, Tomas"]
[Result "1/2-1/2"]
[WhiteElo "1932"]
[BlackElo "2119"]
[PlyCount "0"]
[EventDate "2015.08.22"]

1. e4 Nf6 2. e5 Nd5 3. c4 Nb6 4. d4 d6 5. exd6 cxd6 6. Nf3 g6 7. Be2 Bg7 8. O-O
O-O 9. Nc3 Bg4 10. Be3 Nc6 11. b3 Rc8 12. Rc1 Re8 13. a4 a5 14. Qd2 Nd7 15. Rfd1
Nb4 16. h3 Bxf3 17. Bxf3 b6 18. Nb5 Nf6 19. Bf4 h5 20. Bb7 Rb8 21. Bf3 Rc8
22. Bb7 Rb8 23. Bf3 Rc8 1/2-1/2

[Event "O Pohár mìsta Øíèany 2015 - OPEN A"]
[Site "Øíèany"]
[Date "2015.08.26"]
[Round "6.12"]
[White "Krivanek, Vladimir"]
[Black "Hradecky, Ivo"]
[Result "0-1"]
[WhiteElo "2105"]
[BlackElo "1965"]
[PlyCount "0"]
[EventDate "2015.08.22"]

1. d4 d5 2. Nc3 Nf6 3. Bg5 Bf5 4. f3 c5 5. e4 cxd4 6. Bxf6 dxc3 7. Bxc3 dxe4
8. Qxd8+ Kxd8 9. O-O-O+ Ke8 10. g4 Bd7 11. fxe4 Bxg4 12. Rd2 Nc6 13. h3 Bh5
14. Bg2 e5 15. Nf3 f6 16. Rhd1 Rd8 17. Rd5 Bf7 18. Rxd8+ Nxd8 19. Bf1 Nc6 20. a3
Bc5 21. b4 Be3+ 22. Kb2 Ke7 23. b5 Nd8 24. Bb4+ Ke8 25. Rd3 Bb6 26. Nd2 Be6
27. a4 h5 28. a5 Bc7 29. c4 g5 30. c5 h4 31. Be2 g4 32. c6 bxc6 33. b6 axb6
34. a6 Bb8 35. Bd6 Ba7 36. Bc7 Nf7 37. Bxg4 Bxg4 38. Nc4 Be2 39. Nd6+ Nxd6
40. Rxd6 Ke7 41. Rxc6 Kd7 42. Rc2 Bxa6 0-1

[Event "O Pohár mìsta Øíèany 2015 - OPEN A"]
[Site "Øíèany"]
[Date "2015.08.26"]
[Round "6.13"]
[White "Pycha, Patrik"]
[Black "Parizek, Vojtech"]
[Result "0-1"]
[WhiteElo "2075"]
[BlackElo "1886"]
[PlyCount "0"]
[EventDate "2015.08.22"]

1. e4 c5 2. Nc3 Nc6 3. g3 g6 4. Bg2 Bg7 5. d3 d6 6. Be3 Rb8 7. Qd2 b5 8. Nge2
b4 9. Nd1 Nd4 10. c3 bxc3 11. bxc3 Nxe2 12. Qxe2 e6 13. O-O Ba6 14. f4 Nf6
15. e5 dxe5 16. Bc6+ Nd7 17. Bxc5 Bb5 18. Bxb5 Rxb5 19. d4 Rb7 20. Qf3 Nxc5
21. dxc5 Qc7 22. Nf2 O-O 23. fxe5 Bxe5 24. Rad1 Rb5 25. Ne4 f5 26. c4 Rb2 27. c6
Rc8 28. Ng5 Qb6+ 29. Kh1 Rxa2 30. c7 Bxc7 31. Rb1 Qd6 32. Rfd1 Qe7 33. Qe3 e5
34. Qb3 Ra5 35. c5+ Kh8 36. Ne6 Ra6 37. Nxc7 Rxc7 38. Qb8+ Kg7 39. Rd8 Qxc5
40. Rbd1 Qc6+ 41. R8d5 Rd7 42. Qxe5+ Kh6 43. Qf4+ Kg7 44. Qd4+ Kf7 45. Qh8 Rxd5
46. Qxh7+ Kf6 47. Qh8+ Ke7 48. Qg7+ Kd6 49. Qf8+ Kc7 50. Qf7+ Rd7+ 0-1

[Event "O Pohár mìsta Øíèany 2015 - OPEN A"]
[Site "Øíèany"]
[Date "2015.08.26"]
[Round "6.14"]
[White "Hanl, Frantisek"]
[Black "Zizka, Petr"]
[Result "0-1"]
[WhiteElo "2052"]
[BlackElo "1886"]
[PlyCount "0"]
[EventDate "2015.08.22"]

1. e4 c5 2. Nf3 d6 3. d4 cxd4 4. Nxd4 Nf6 5. Nc3 a6 6. Bg5 Nbd7 7. f4 Qc7
8. Qf3 h6 9. Bxf6 Nxf6 10. O-O-O Bg4 11. Nd5 Qd7 12. Ne6 Bxf3 13. Ndc7+ Qxc7
14. Nxc7+ Kd7 15. Nxa8 Bxd1 16. Kxd1 Nxe4 17. Ke1 Kc6 18. g4 e6 19. Bg2 d5
20. Rf1 Be7 21. f5 Rxa8 22. fxe6 fxe6 23. Rf7 Bf6 24. b3 Nd6 0-1

[Event "O Pohár mìsta Øíèany 2015 - OPEN A"]
[Site "Øíèany"]
[Date "2015.08.26"]
[Round "6.15"]
[White "Skubal, Ondrej"]
[Black "Skacel, Jan"]
[Result "1/2-1/2"]
[WhiteElo "1725"]
[BlackElo "2051"]
[PlyCount "0"]
[EventDate "2015.08.22"]

1. e4 c5 2. Nf3 Nc6 3. d4 cxd4 4. Nxd4 Nf6 5. Nc3 e6 6. Ndb5 Bb4 7. a3 Bxc3+
8. Nxc3 d5 9. exd5 exd5 10. Bd3 O-O 11. O-O Bg4 12. Ne2 Qb6 13. h3 Bxe2 14. Bxe2
Rfe8 15. Rb1 Ne4 16. Be3 d4 17. Bf4 Qd8 18. Bd3 Qf6 19. Qf3 Nc5 20. Rbd1 Ne6
21. Bg3 Qxf3 22. gxf3 Rac8 23. Rfe1 g6 24. Kg2 Kg7 25. Bc4 Rcd8 26. h4 a6
27. Kg1 Kf6 28. b4 Ng7 29. Re4 Nf5 30. Rde1 Rxe4 31. fxe4 Nxg3 32. fxg3 Ne5
33. Rf1+ Ke7 34. Bd5 1/2-1/2

[Event "O Pohár mìsta Øíèany 2015 - OPEN A"]
[Site "Øíèany"]
[Date "2015.08.26"]
[Round "6.16"]
[White "Nova, Michaela"]
[Black "Voracek, Zdenek"]
[Result "1-0"]
[WhiteElo "1828"]
[BlackElo "2026"]
[PlyCount "0"]
[EventDate "2015.08.22"]

1. Nf3 d5 2. d4 Nf6 3. g3 e6 4. Bg2 Be7 5. O-O O-O 6. c4 b6 7. Nc3 Bb7 8. cxd5
exd5 9. Ne5 Nbd7 10. Qb3 c6 11. Nd3 Re8 12. Re1 Nf8 13. Bf4 Ne6 14. Be5 Nd7
15. Nf4 Nef8 16. Nd3 f6 17. Bf4 Ne6 18. Be3 Kh8 19. Nf4 Ndf8 20. Rad1 Qd6
21. Bc1 Rad8 22. a3 Qb8 23. Nxe6 Nxe6 24. e4 Nc7 25. exd5 Nxd5 26. Nxd5 cxd5
27. Bf4 Qc8 28. Rc1 Qf5 29. Rc7 Rd7 30. Qb5 Bc8 31. Qc6 1-0

[Event "O Pohár mìsta Øíèany 2015 - OPEN A"]
[Site "Øíèany"]
[Date "2015.08.26"]
[Round "6.17"]
[White "Horak, Martin"]
[Black "Rastocny, Josef"]
[Result "1-0"]
[WhiteElo "2019"]
[BlackElo "1860"]
[PlyCount "0"]
[EventDate "2015.08.22"]

1. e4 e6 2. d4 d5 3. Nd2 Nf6 4. e5 Nfd7 5. Bd3 c5 6. c3 Nc6 7. Ne2 cxd4 8. cxd4
Qb6 9. Nf3 f6 10. exf6 Nxf6 11. b3 Bd6 12. Bb2 O-O 13. O-O Bd7 14. Rc1 Rac8
15. Bb1 Qd8 16. Ne5 Bxe5 17. dxe5 Ng4 18. f4 Qh4 19. h3 Ne3 20. Qe1 Qxe1
21. Rfxe1 Nb4 22. Nd4 Rxc1 23. Rxc1 Nf5 24. Bxf5 exf5 25. Ba3 a5 26. Bxb4 axb4
27. Nc2 Bb5 28. Rd1 Rd8 29. Rd4 Kf7 30. Rxb4 Bc6 31. Kf2 g6 32. Nd4 Ra8 33. a4
Ra7 34. Rb6 Be8 35. Nb5 1-0

[Event "O Pohár mìsta Øíèany 2015 - OPEN A"]
[Site "Øíèany"]
[Date "2015.08.26"]
[Round "6.18"]
[White "Petr, Jakub"]
[Black "Lacina, Filip"]
[Result "1/2-1/2"]
[WhiteElo "1750"]
[BlackElo "2017"]
[PlyCount "0"]
[EventDate "2015.08.22"]

1. e4 c6 2. d4 d5 3. Nd2 dxe4 4. Nxe4 Bf5 5. Ng3 Bg6 6. h4 h6 7. Nf3 Nd7 8. h5
Bh7 9. Bd3 Bxd3 10. Qxd3 Ngf6 11. Bf4 Qa5+ 12. Bd2 Qc7 13. O-O-O e6 14. Kb1
O-O-O 15. c4 Be7 16. Bc3 Rhe8 17. Ne4 Nc5 18. Nxc5 Bxc5 19. Qe2 Be7 20. Ne5 Bd6
21. f4 Ng8 22. g3 Nf6 23. Rhe1 c5 24. dxc5 Bxc5 25. b3 Rxd1+ 26. Rxd1 Rd8
27. Rxd8+ Kxd8 28. g4 Bd6 29. g5 hxg5 30. fxg5 Nxh5 31. Qxh5 Bxe5 32. Bxe5 Qxe5
33. Qxf7 Qf5+ 34. Qxf5 exf5 35. Kc2 Ke7 36. Kd3 Kd6 37. Kd4 g6 38. b4 a6 39. a3
b6 40. a4 Kc6 41. Kd3 a5 42. b5+ Kc5 43. Kc3 f4 44. Kd3 f3 45. Ke3 Kxc4 46. Kxf3
Kd3 47. Kf4 Kd4 48. Kf3 Kd3 49. Kf4 1/2-1/2

[Event "O Pohár mìsta Øíèany 2015 - OPEN A"]
[Site "Øíèany"]
[Date "2015.08.26"]
[Round "6.19"]
[White "Vystrcil, Martin"]
[Black "Stanek, Ondrej"]
[Result "0-1"]
[WhiteElo "2014"]
[BlackElo "1637"]
[PlyCount "0"]
[EventDate "2015.08.22"]

1. e4 e5 2. Nf3 Nc6 3. Nc3 Nf6 4. d4 exd4 5. Nxd4 Bb4 6. Nxc6 bxc6 7. Bd3 d5
8. exd5 cxd5 9. O-O O-O 10. h3 h6 11. Qf3 Be6 12. Ne2 Bd6 13. Bf4 c5 14. Rad1
Rb8 15. b3 Qc7 16. Rfe1 Bxf4 17. Qxf4 Rfc8 18. Qxc7 Rxc7 19. Nf4 Rc6 20. Be2 Rd6
21. Bf3 Rbd8 22. Rd2 Kf8 23. Kf1 g5 24. Nd3 Rc8 25. Nb2 Rcd8 26. Na4 Rc8
27. Red1 Ke7 28. Ke2 h5 29. g4 hxg4 30. hxg4 d4 31. c3 Bxg4 32. Bxg4 Nxg4
33. cxd4 cxd4 34. Rxd4 Rc2+ 35. Kf3 Rxd4 36. Rxd4 f5 37. Kg3 Nxf2 38. Rb4 Ne4+
39. Kf3 g4+ 40. Ke3 g3 41. Rb7+ Kf6 42. Rb8 g2 0-1

[Event "O Pohár mìsta Øíèany 2015 - OPEN A"]
[Site "Øíèany"]
[Date "2015.08.26"]
[Round "6.20"]
[White "Cermak, Jan"]
[Black "Korsa, Jindrich"]
[Result "1/2-1/2"]
[WhiteElo "1962"]
[BlackElo "2138"]
[PlyCount "0"]
[EventDate "2015.08.22"]

1. e4 e5 2. Nf3 Nc6 3. Bb5 f5 4. Nc3 fxe4 5. Nxe4 Nf6 6. Nxf6+ Qxf6 7. Qe2 Be7
8. Bxc6 dxc6 9. Nxe5 O-O 10. d4 Bf5 11. O-O Rad8 12. c3 Rfe8 1/2-1/2

[Event "O Pohár mìsta Øíèany 2015 - OPEN A"]
[Site "Øíèany"]
[Date "2015.08.26"]
[Round "6.21"]
[White "Postupa, Pavel"]
[Black "Hurtak, Otto"]
[Result "0-1"]
[WhiteElo "2002"]
[BlackElo "1955"]
[PlyCount "0"]
[EventDate "2015.08.22"]

1. e4 c5 2. Nc3 Nc6 3. g3 g6 4. Bg2 Bg7 5. d3 d6 6. Be3 e5 7. Qd2 Nge7 8. Bh6
O-O 9. h4 f6 10. Be3 Rf7 11. Nd5 Be6 12. c3 Qd7 13. Ne2 Raf8 14. Bh6 Kh8
15. Bxg7+ Rxg7 16. f4 Bg4 17. Ne3 Be6 18. Bf3 d5 19. h5 g5 0-1

[Event "O Pohár mìsta Øíèany 2015 - OPEN A"]
[Site "Øíèany"]
[Date "2015.08.26"]
[Round "6.22"]
[White "Stojkovic, Andrea"]
[Black "Kolasin, Jan"]
[Result "1-0"]
[WhiteElo "1872"]
[BlackElo "2001"]
[PlyCount "0"]
[EventDate "2015.08.22"]

1. e4 e6 2. d4 d5 3. Nd2 Nf6 4. e5 Nfd7 5. Bd3 c5 6. c3 Nc6 7. Ne2 cxd4 8. cxd4
f6 9. Nf4 Nxd4 10. Qh5+ Ke7 11. exf6+ Nxf6 12. Ng6+ hxg6 13. Qxh8 Kf7 14. O-O
Qb6 15. Bxg6+ Kxg6 16. Qxf8 Bd7 17. Qxa8 Ne2+ 18. Kh1 Ng4 19. Nf3 e5 20. Qh8 e4
21. Nh4+ Kf7 22. Qh5+ Kg8 23. Qxd5+ Be6 24. Qxe4 Qxf2 25. Qxe6+ Kh8 26. Be3 Qxh4
27. Rf8+ 1-0

[Event "O Pohár mìsta Øíèany 2015 - OPEN A"]
[Site "Øíèany"]
[Date "2015.08.26"]
[Round "6.23"]
[White "Koper, Stefan"]
[Black "Pribyl, Jaroslav"]
[Result "0-1"]
[WhiteElo "1991"]
[BlackElo "1928"]
[PlyCount "0"]
[EventDate "2015.08.22"]

1. d4 c5 2. d5 e5 3. c4 d6 4. e4 Ne7 5. Bd3 g6 6. h4 Bg7 7. h5 f5 8. Bg5 Qb6
9. Bxe7 Kxe7 10. Qd2 f4 11. hxg6 hxg6 12. Rxh8 Bxh8 13. Nc3 Na6 14. a3 Bd7
15. O-O-O Bf6 16. Bf1 Rh8 17. f3 Rh2 18. Kb1 g5 19. Qc1 Nc7 20. Ka2 a6 21. Rd2
Qa5 22. Kb1 b5 23. b3 Qb6 24. Rb2 b4 25. Na4 Qa5 26. Qe1 Na8 27. axb4 Qxb4
28. Qxb4 cxb4 29. Nh3 Rh1 30. Rf2 g4 31. fxg4 Bh8 32. g3 fxg3 33. Rf3 Bxg4 0-1

[Event "O Pohár mìsta Øíèany 2015 - OPEN A"]
[Site "Øíèany"]
[Date "2015.08.26"]
[Round "6.24"]
[White "Petrun, Milan"]
[Black "Hadrava, Jaroslav"]
[Result "0-1"]
[WhiteElo "1991"]
[BlackElo "1927"]
[PlyCount "0"]
[EventDate "2015.08.22"]

1. e4 e5 2. Nf3 Nc6 3. Bc4 Nf6 4. Qe2 Be7 5. O-O O-O 6. d4 exd4 7. e5 Ne8
8. Re1 d5 9. Bb5 Bg4 10. Nbd2 Nb4 11. Nb3 c6 12. Bd3 Nxd3 13. Qxd3 c5 14. Nbd2
Nc7 15. Nf1 Ne6 16. c3 c4 17. Qd1 Bxf3 18. Qxf3 d3 19. Ne3 Nc7 20. Nf5 Ne6
21. Qg4 Kh8 22. Re3 Bg5 23. Rg3 Bxc1 24. Rxc1 g6 25. Nh6 f5 26. exf6 Rxf6
27. Re3 Qf8 28. Rxe6 Qxh6 29. Rce1 Qf4 30. Qxf4 Rxf4 31. g3 Rf3 32. Rd1 Raf8
33. Rd2 R8f7 34. Rd6 R3f5 35. Re6 Kg7 36. Kg2 Rd7 37. h4 Rff7 38. f3 Rfe7
39. Rxe7+ Rxe7 40. Kf2 Kf6 41. a4 Re6 42. Kf1 Ra6 43. Kf2 Rxa4 44. Ke3 Ke6
45. g4 Ra1 46. Kd4 Kd6 47. b3 b5 48. h5 a5 49. hxg6 hxg6 50. bxc4 dxc4 51. f4
Rg1 52. g5 Rf1 53. Ke3 Kc5 54. Rh2 b4 55. Ra2 0-1

[Event "O Pohár mìsta Øíèany 2015 - OPEN A"]
[Site "Øíèany"]
[Date "2015.08.26"]
[Round "6.25"]
[White "Havelka, Petr"]
[Black "Dlouhy, Ondrej"]
[Result "1-0"]
[WhiteElo "1817"]
[BlackElo "1984"]
[PlyCount "0"]
[EventDate "2015.08.22"]

1. d4 Nf6 2. c4 g6 3. Nc3 Bg7 4. e4 d6 5. Nf3 O-O 6. Be2 e5 7. d5 Nbd7 8. O-O
Nh5 9. Bg5 f6 10. Be3 Nf4 11. Bxf4 exf4 12. Nd4 Ne5 13. f3 f5 14. Rc1 g5
15. exf5 Bxf5 16. Nxf5 Rxf5 17. Bd3 Rf8 18. Qc2 h5 19. Rce1 g4 20. fxg4 hxg4
21. Re4 f3 22. Rf2 fxg2 23. Rxf8+ Qxf8 24. Be2 Nf3+ 25. Bxf3 Qxf3 26. Qxg2 Rf8
27. Qxf3 gxf3 28. Kf2 Be5 29. h3 a6 30. Nd1 Rf7 31. b3 c5 32. dxc6 bxc6 33. Ne3
c5 34. Ng4 Bd4+ 35. Rxd4 1-0

[Event "O Pohár mìsta Øíèany 2015 - OPEN A"]
[Site "Øíèany"]
[Date "2015.08.26"]
[Round "6.26"]
[White "Cabart, Pavel"]
[Black "Petras, Milan"]
[Result "0-1"]
[WhiteElo "1704"]
[BlackElo "1968"]
[PlyCount "0"]
[EventDate "2015.08.22"]

1. e4 e6 2. Nf3 d5 3. Nc3 c5 4. Bb5+ Nc6 5. exd5 exd5 6. Qe2+ Be7 7. d4 Be6
8. dxc5 Bxc5 9. Be3 Bxe3 10. Qxe3 Nf6 11. Nd4 Qd7 12. O-O-O O-O 13. h3 Qd6
14. f4 Rfe8 15. Qf2 a6 16. Nxc6 bxc6 17. Ba4 Rab8 18. f5 Bd7 19. g4 Ne4 20. Nxe4
Rxe4 21. Bb3 Rbe8 22. Qb6 Bc8 23. Kb1 Qd7 24. Qf2 Qe7 25. a3 h6 26. Rhg1 a5
27. a4 f6 28. h4 Qe5 29. Qc5 Bd7 30. Qxa5 h5 31. gxh5 Bxf5 32. h6 Bg4 33. Qa7
Qe7 34. Qb6 g6 35. Rdf1 Qe6 36. Qb7 Re7 37. Qa8+ Kh7 38. Qf8 Rf7 39. Qd8 Bh5
40. a5 Qe7 41. Qb6 Be2 42. Re1 Re6 43. a6 f5 44. h5 gxh5 45. Qb8 Kxh6 46. Qf4+
Kh7 47. Rg5 Bg4 48. Rxe6 Qxe6 49. Qb8 Re7 50. Qb6 Kh6 51. a7 Qe1+ 52. Ka2 Rxa7+
53. Qxa7 Kxg5 54. Qg7+ Kf4 55. Qc7+ Qe5 56. Qxc6 Bf3 57. Qh6+ Kg4 58. Qg6+ Kh3
59. Qg1 h4 60. Qf1+ Bg2 61. Qd3+ Kh2 62. c4 dxc4 63. Qxc4 h3 64. Qd3 Qa5+ 0-1

[Event "O Pohár mìsta Øíèany 2015 - OPEN A"]
[Site "Øíèany"]
[Date "2015.08.26"]
[Round "6.27"]
[White "Splichal, Petr"]
[Black "Martinec, Karel"]
[Result "1-0"]
[WhiteElo "2009"]
[BlackElo "1897"]
[PlyCount "0"]
[EventDate "2015.08.22"]

1. d4 d5 2. c4 e6 3. Nc3 Nf6 4. Bg5 Be7 5. Nf3 O-O 6. e3 b6 7. Bxf6 Bxf6
8. cxd5 exd5 9. Qb3 Be6 10. Rd1 c6 11. Be2 Nd7 12. O-O Rc8 13. h3 Qe7 14. Nh2 g6
15. Qa4 Rc7 16. e4 dxe4 17. Nxe4 Bg7 18. Bf3 Bd5 19. Rfe1 f5 20. Nc3 Qf7
21. Bxd5 cxd5 22. Nf3 Nf6 23. Ng5 Qd7 24. Ne6 Qxa4 25. Nxa4 Rfc8 26. Nxc7 Rxc7
27. Nc3 Rc4 28. Re5 Ne4 29. Rxd5 Nxc3 30. bxc3 Rxc3 31. Rd8+ Bf8 32. Re1 1-0

[Event "O Pohár mìsta Øíèany 2015 - OPEN A"]
[Site "Øíèany"]
[Date "2015.08.26"]
[Round "6.28"]
[White "Danhel, Lukas"]
[Black "Picek, Miroslav"]
[Result "1-0"]
[WhiteElo "1807"]
[BlackElo "1966"]
[PlyCount "0"]
[EventDate "2015.08.22"]

1. e4 d6 2. d4 Nf6 3. Nc3 Nbd7 4. f4 e5 5. Nf3 Qe7 6. Bd3 c6 7. O-O b5 8. d5
cxd5 9. Nxd5 Nxd5 10. exd5 Qd8 11. Qe2 f6 12. fxe5 dxe5 13. Bxb5 Bc5+ 14. Be3
Qb6 15. Bxc5 Qxc5+ 16. Kh1 Rb8 17. Bxd7+ Bxd7 18. Nxe5 Qe7 19. Qh5+ g6 20. Nxg6
Qf7 21. Qe2+ 1-0

[Event "O Pohár mìsta Øíèany 2015 - OPEN A"]
[Site "Øíèany"]
[Date "2015.08.26"]
[Round "6.29"]
[White "Skala, Jaromir"]
[Black "Stork, Rostislav"]
[Result "1/2-1/2"]
[WhiteElo "1959"]
[BlackElo "1812"]
[PlyCount "0"]
[EventDate "2015.08.22"]

1. d4 d5 2. c4 dxc4 3. e4 Nf6 4. e5 Nd5 5. Bxc4 e6 6. Nc3 Nxc3 7. bxc3 Be7
8. f4 O-O 9. Nf3 b6 10. O-O Ba6 11. Bxa6 Nxa6 12. Qd3 Nb8 13. f5 exf5 14. Qxf5
Qd7 15. Qxd7 Nxd7 16. c4 c6 17. a4 h6 18. Bb2 a6 19. Rfc1 Rfd8 20. Kf2 Nf8
21. Ba3 Bxa3 22. Rxa3 b5 23. cxb5 cxb5 24. axb5 axb5 25. Rxa8 Rxa8 26. Rb1 Rb8
27. d5 b4 28. Nd4 Nd7 29. Nc6 Rb5 30. e6 fxe6 31. dxe6 Nc5 32. e7 Kf7 33. Ke3
Nd7 34. Rxb4 1/2-1/2

[Event "O Pohár mìsta Øíèany 2015 - OPEN A"]
[Site "Øíèany"]
[Date "2015.08.26"]
[Round "6.30"]
[White "Zlamana, Anna"]
[Black "Kovar, Jan"]
[Result "0-1"]
[WhiteElo "1692"]
[BlackElo "1930"]
[PlyCount "0"]
[EventDate "2015.08.22"]

1. e4 e6 2. d4 d5 3. Nc3 Nf6 4. Bg5 Bb4 5. e5 h6 6. exf6 hxg5 7. fxg7 Rg8
8. Bb5+ Bd7 9. Bxd7+ Nxd7 10. Ne2 Rxg7 11. a3 Bd6 12. Nb5 Nf6 13. Nxd6+ Qxd6
14. Ng3 Qf4 15. Qd2 Qxd2+ 16. Kxd2 Rh7 17. h3 Kd7 18. Rhe1 g4 19. hxg4 Nxg4
20. f3 Nf6 21. Rh1 Rah8 22. Rxh7 Rxh7 23. Rh1 Rg7 24. Rh3 Nh7 25. Ne2 Nf8
26. Rg3 Rxg3 27. Nxg3 Ng6 28. Ke3 Kd6 29. f4 Nh4 30. Kf2 b6 31. Ne2 Nf5 32. g4
Ne7 33. Ke3 c5 34. c3 Nc6 35. b4 a6 36. g5 Ne7 37. Ng3 Kc6 38. a4 cxb4 39. cxb4
Kd7 40. Kd3 Nc8 41. Nf1 Ne7 42. Nd2 Ng6 43. Ke3 Nh4 44. Kf2 Nf5 45. Nb3 Nd6
46. a5 Kc6 47. axb6 Kxb6 48. Nc5 Nf5 49. g6 fxg6 50. Nxe6 Kb5 51. Nc7+ Kxb4
52. Nxd5+ Kc4 53. Nc7 a5 54. Na8 Kxd4 55. Kf3 a4 56. Nc7 Kc4 57. Na8 a3 58. Nb6+
Kd4 0-1

[Event "O Pohár mìsta Øíèany 2015 - OPEN A"]
[Site "Øíèany"]
[Date "2015.08.26"]
[Round "6.31"]
[White "Tvrdy, Jindrich"]
[Black "Vlkova, Anezka"]
[Result "1/2-1/2"]
[WhiteElo "1885"]
[BlackElo "1564"]
[PlyCount "0"]
[EventDate "2015.08.22"]

1. Nf3 Nf6 2. g3 g6 3. Bg2 Bg7 4. c3 Nc6 5. d4 d5 6. O-O O-O 7. Ne5 e6 8. Bg5
h6 9. Bxf6 Qxf6 10. Nxc6 bxc6 11. e4 Rb8 12. b4 Ba6 13. Re1 Rfe8 14. e5 Qe7
15. Nd2 f5 16. f4 h5 17. Nb3 Rb6 18. Nc5 Bb5 19. a4 Bc4 20. Bf1 Bxf1 21. Rxf1
Ra8 22. Nb3 Kf7 23. h4 Bf8 24. Rf2 Qd8 25. Rfa2 a6 26. Qe2 Qc8 27. Rb2 Qb8
28. Rab1 Qc8 29. Qd3 Be7 30. Na5 Rab8 31. b5 cxb5 32. axb5 axb5 33. Nb3 c5
34. Nxc5 Bxc5 35. dxc5 Qxc5+ 36. Qd4 Rc6 37. Qxc5 Rxc5 38. Rb3 Ke7 39. Ra1 Rb7
40. Ra6 Rbc7 41. Raa3 Rc4 42. Kf2 Ra4 43. Ke3 Rca7 44. Rxa4 bxa4 45. Ra3 Kd7
46. Kd4 Kc6 47. c4 dxc4 48. Kxc4 Ra8 49. Kb4 Kd5 50. Rxa4 Rxa4+ 51. Kxa4 Ke4
52. Kb5 Kf3 53. Kc6 Kxg3 54. Kd6 Kxf4 55. Kxe6 Kg4 56. Kd5 f4 57. e6 f3 58. e7
f2 59. e8=Q f1=Q 60. Qxg6+ Kxh4 61. Qe4+ Kg5 62. Qe7+ Qf6 63. Qxf6+ 1/2-1/2

[Event "O Pohár mìsta Øíèany 2015 - OPEN A"]
[Site "Øíèany"]
[Date "2015.08.26"]
[Round "6.32"]
[White "Paulovic, Milan"]
[Black "Otruba, Marek"]
[Result "0-1"]
[WhiteElo "1871"]
[BlackElo "1629"]
[PlyCount "0"]
[EventDate "2015.08.22"]

1. b3 d5 2. Bb2 e6 3. e3 f5 4. Nf3 Nf6 5. d4 Bd6 6. c4 c6 7. g3 O-O 8. Bg2 Ne4
9. Nc3 Bb4 10. Rc1 Qa5 11. Qc2 Qxa2 12. O-O Bxc3 13. Bxc3 Qxc2 14. Rxc2 Nxc3
15. Rxc3 Nd7 16. c5 Re8 17. Ne5 Nxe5 18. dxe5 Bd7 19. Rd1 Reb8 20. e4 b6 21. b4
bxc5 22. bxc5 a5 23. h3 Bc8 24. g4 fxe4 25. f3 exf3 26. Bxf3 g5 27. Kf2 Ba6
28. Kg3 Bc4 29. h4 h6 30. hxg5 hxg5 31. Rh1 Rb3 32. Rxb3 Bxb3 33. Rh5 a4
34. Rxg5+ Kf7 35. Rh5 a3 36. Rh1 a2 37. Ra1 Ra5 38. g5 Rxc5 39. Bh5+ Kg7 40. Rf1
Ra5 41. Rf7+ Kg8 42. Rb7 Ra8 43. Bf7+ Kh8 44. Bg6 a1=Q 0-1

[Event "O Pohár mìsta Øíèany 2015 - OPEN A"]
[Site "Øíèany"]
[Date "2015.08.26"]
[Round "6.33"]
[White "Kunc, Jan"]
[Black "Halla, Jiri"]
[Result "1/2-1/2"]
[WhiteElo "1685"]
[BlackElo "1839"]
[PlyCount "0"]
[EventDate "2015.08.22"]

1. e4 e6 2. d4 d5 3. Nc3 Bb4 4. e5 c5 5. a3 Bxc3+ 6. bxc3 Qc7 7. Nf3 Bd7 8. Bd3
c4 9. Be2 Ba4 10. O-O Nc6 11. Nh4 Nge7 12. f4 Ng6 13. Nf3 Nge7 14. Nh4 Ng6
15. Nf3 O-O-O 16. Ne1 Nge7 17. Bg4 g6 18. Be3 Rdg8 19. Bf2 Nf5 20. Nf3 h6
21. Qd2 Nce7 22. Bh4 Re8 23. Bf6 Rhg8 24. Rab1 b5 25. Kf2 Kb7 26. Rb4 Kc6
27. Rfb1 a6 28. Qc1 Rb8 1/2-1/2

[Event "O Pohár mìsta Øíèany 2015 - OPEN A"]
[Site "Øíèany"]
[Date "2015.08.26"]
[Round "6.34"]
[White "Vavrinec, Tomas"]
[Black "Chromovsky, Hynek"]
[Result "1-0"]
[WhiteElo "1918"]
[BlackElo "1768"]
[PlyCount "0"]
[EventDate "2015.08.22"]

1. c4 c5 2. Nc3 Nc6 3. Nf3 Nf6 4. g3 g6 5. Bg2 Bg7 6. O-O d5 7. cxd5 Nxd5
8. Nxd5 Qxd5 9. d3 O-O 10. Be3 Qd7 11. Bxc5 Bxb2 12. Rb1 Bg7 13. d4 b6 14. d5
Ne5 15. Nxe5 Bxe5 16. d6 Rb8 17. dxe7 Re8 18. Ba3 Bf6 19. Bd6 Rb7 20. Rc1 Bxe7
21. Bc6 Qd8 22. Bxe8 Qxe8 23. Bxe7 Rxe7 24. Re1 Bb7 25. Qd3 Rd7 26. Qc3 Qd8
27. a4 Qe8 28. Rcd1 Re7 29. Qf6 Rd7 30. f3 Qe3+ 31. Kf1 Rd2 32. Rxd2 Qxd2
33. Qe5 Bd5 34. Kf2 Be6 35. Qe3 Qc2 36. Qd4 Bc4 37. Qd1 Qa2 38. Qd4 Qxa4 39. Ra1
Qc2 40. Qe3 a6 41. Rc1 Qa4 42. Qxb6 Qa2 43. Qd8+ 1-0

[Event "O Pohár mìsta Øíèany 2015 - OPEN A"]
[Site "Øíèany"]
[Date "2015.08.26"]
[Round "6.35"]
[White "Kindl, Frantisek"]
[Black "Barton, Milan"]
[Result "0-1"]
[WhiteElo "1847"]
[BlackElo "1750"]
[PlyCount "0"]
[EventDate "2015.08.22"]

1. Nf3 Nf6 2. c4 e6 3. g3 d5 4. Bg2 c6 5. O-O Nbd7 6. b3 Be7 7. Bb2 O-O 8. d3
Qc7 9. Nbd2 e5 10. cxd5 cxd5 11. Rc1 Qb8 12. Qc2 b6 13. Bh3 Bd6 14. Nh4 Bb7
15. Ndf3 d4 16. Bg2 Qd8 17. Nf5 Rc8 18. Qd2 Rxc1 19. Rxc1 Qb8 20. Qg5 Ne8
21. Nxd6 Qxd6 22. Rc2 Nef6 23. Qc1 Re8 24. Rc7 Nc5 25. Rxb7 Nxb7 26. Ba3 Qd7
27. Qg5 h6 28. Qd2 Nd6 29. Nh4 Qb5 30. Bc1 Rc8 31. Qb2 Qd7 32. Bxh6 gxh6 33. Bh3
0-1

[Event "O Pohár mìsta Øíèany 2015 - OPEN A"]
[Site "Øíèany"]
[Date "2015.08.26"]
[Round "6.36"]
[White "Korsa, Jiri"]
[Black "Hrbek, Stepan"]
[Result "0-1"]
[WhiteElo "1844"]
[BlackElo "1683"]
[PlyCount "0"]
[EventDate "2015.08.22"]

1. e4 e5 2. Nf3 Nc6 3. d4 exd4 4. Nxd4 Bc5 5. Be3 Qf6 6. c3 Nge7 7. g3 d5
8. Bg2 dxe4 9. O-O Ne5 10. Nd2 Qa6 11. Nxe4 Bb6 12. a4 O-O 13. Qh5 N7g6 14. Ng5
h6 15. Nxf7 Rxf7 0-1

[Event "O Pohár mìsta Øíèany 2015 - OPEN A"]
[Site "Øíèany"]
[Date "2015.08.26"]
[Round "6.37"]
[White "Helebrand, Frantisek"]
[Black "Havlicek, Pavel"]
[Result "1-0"]
[WhiteElo "1841"]
[BlackElo "1673"]
[PlyCount "0"]
[EventDate "2015.08.22"]

1. e4 e5 2. Nf3 Nc6 3. d4 exd4 4. Nxd4 Bc5 5. Be3 Bxd4 6. Bxd4 Nxd4 7. Qxd4 Qf6
8. e5 Qb6 9. Qxb6 axb6 10. Nc3 Ne7 11. Bd3 Ra5 12. f4 Nd5 13. Nxd5 Rxd5 14. O-O
Ra5 15. a3 O-O 16. Rae1 c6 17. Rf2 b5 18. Rfe2 b6 19. Re3 f6 20. exf6 Rxf6
21. Re8+ Rf8 1-0